Alle Hauptstädte der Staaten Europas - Statistiken

Allgemein
  • Dieses Quiz wurde 148 mal gespielt
  • Das Durchschnittsergebnis liegt bei 27 aus 45
Antwortstatistiken
Bildquiz Antwort % Korrekt
Berlin
90%
Brüssel
86%
Paris
84%
Rom
84%
Helsinki
83%
Athen
80%
Dublin
77%
Kopenhagen
75%
Tirana
75%
Oslo
74%
Sofia
68%
Amsterdam
66%
Madrid
65%
Moskau
65%
Wien
65%
Zagreb
65%
Bukarest
64%
Tallinn
64%
Warsschau
64%
Bern
63%
Lissabon
63%
Luxemburg
62%
Vaduz
62%
Minsk
61%
Riga
61%
Budapest
59%
Reykjavík
59%
Stockholm
59%
Monaco
58%
London
55%
Sarajevo
53%
Prag
52%
Vilnius
52%
San Marino
48%
Andorra La Vella
47%
Priština
47%
Valletta
47%
Kiew
45%
Vatikan
45%
Skopje
42%
Belgrad
39%
Chișinău
38%
Podgorica
33%
Bratislava
32%
Ljublana
1%
Keine übereinstimmenden Quizze gefunden
Verteilung der Resultate
Anzahl Personen mit jedem Resultat
Perzentil nach korrekt beantworteten Fragen
Ihre Resultats-Entwicklung
Sie haben dieses Quiz noch nicht gespielt